| 000 | 00656nas a2200241 4500 | ||
|---|---|---|---|
| 001 | BR9506917 | ||
| 003 | BR-BrBNA | ||
| 005 | 20231205094506.0 | ||
| 007 | ta | ||
| 008 | 230509b bl.|||p| |||| 00| 00por d | ||
| 040 |
_aBR-BrBNA _bpor _cBiblioteca Nacional de Agricultura |
||
| 041 | _a(Pt) | ||
| 072 | _aF01; H60 | ||
| 100 | 1 | _aGalli, A.J.B. | |
| 245 | 1 | _aCultivo minimo na cana-de-acucar | |
| 650 | _aCana de Acucar | ||
| 650 | _aCultivo Minimo | ||
| 650 | _aHerbicida | ||
| 650 | _aErva Daninha | ||
| 773 | 0 |
_tRaizes (Brazil) _x _g(Jun 1985), v. 10(109) p. 16-18 _wBR9506917 |
|
| 909 |
_a202311 _bLúcia _c55 _dLúcia Elande |
||
| 942 |
_2AGRIS _n0 _cANA |
||
| 999 |
_c144727 _d144727 |
||